000 00633nam a2200241Ia 4500
003 OSt
005 20221007072636.0
006 a|||||r|||| 00| 0
007 ta
008 221006b |||||||| |||| 00| 0 eng d
024 _a24,660
037 _cTextual
040 _aFLL
_cFLL
_beng
041 _2eng
_aeng
082 _aZ3v:N5, J8
100 _aKiralfy A.K.R.
_9688364
245 0 _aOutlines of english legal history
250 _a5th
260 _aLondon
_bSweet & Maxwell Ltd. London
_c1958
300 _axvi,1-285p
_ccm.
942 _hZ3v:N5, J8
_cTEXL
_2CC
999 _c1146632
_d1146632